02219cam a22004454i 4500003000900000005001700009008004100026035001900067040003300086082002100119100003100140245006200171264005600233300005100289336002100340337002500361338002300386504002800409505063200437526001001069526001001079526001001089526001001099526000801109526000801117526000801125526000801133526000801141526000801149526000801157650001801165650004801183700003001231942001401261949013201275596000601407999014901413980005501562952015601617PE-LiUPU20250731172956.0150623s r 000 0 d a(Sirsi) a21680 aPE-LiUPUbspacPE-LiUPUerda04a231.765bC682211 aCoffin, Harold G.,eautor.10aOrigin by design /cHarold G. Coffin con Robert H. Brown. 1aWhashington :bReview and Herald Publishing,c1983. a494 páginas :bilustraciones fotos ;c23 cm. atext2rdacontent aunmediated2rdamedia avolume2rdacarrier aIncluye bibliografía.0 aThe beginning. -The climax of creation. -The flood history. -Fossil evidences in support of catastrophe. -The origen of coal. -The surface of the earth. -A flood model. -Sedimentation and the flood. -Uniformity and catastrophe. -Research on the classic joggins petrified trees. -The Yellowstone petrified forest. -The mountains. -Fire in the Earth. -Land beneath the sea. -Rivers of ice. -Climatic conditions of the past. -The story of a river. -What is a fossils. -The fossils testify against evolution. -The dinosaurs. -Frozen animals. -Ancient Man. -In the beginning-God. -The biblical perspéctive on the age of the world. aSEG42 aSEG41 aSEG40 aSEG39 aP94 aP87 aP86 aP85 aP77 aP76 aP3504aCreacionismo.04aAdventistas del Séptimo DíaxDoctrinas.1 aBrown, Robert H.,eautor. 2ddccBOOK a231.765 C68wDEWEYc1i45310lCCODEBUL1mBULp00.00r0sYtBOOKu2015-06-24xTEOLOGIAPP350COMPRAo.STAFF. Colección General a1 a231.765 C68wDEWEYc22170i45310f2021-11-9g5lCCODEBUL1mBULr0sYtBOOKu2015-6-24xTEOLOGIAPP350COMPRAo.STAFF. Colección Generald22170 81gALBERTO SANCHEZ Responsable de Automatización r2025-12-03 00:00:00i6l0o231.765 C68p45310te1w2015-06-24xFTyBKzinventario-2023-12-13102ddc50708GENfP35aBULbBULcGENd2015-06-24eCOMPRA